Top 10 Newcastle scorers - Statistics

General Stats
  • This quiz has been taken 22 times
  • The average score is 2 of 10
Answer Stats
Hint Answer % Correct
206 Shearer
100%
119 Beardsley
44%
200 Milburn
39%
121 Macdonald
17%
113 Mcdonald
17%
143 Gallacher
11%
113 Mitchell
6%
153 White
6%
101 Harris
0%
97 Robson
0%
No matching quizzes found
Score Distribution
Percent of People with Each Score
Percentile by Number Answered
Your Score History
You have not taken this quiz